| 000 -ლიდერი |
| ფიქსირებული სიგრძის საკონტროლო ველი |
01802nam a22002177a 4500 |
| 003 - საკონტროლო ნომრის იდენტიფიკატორი |
| საკონტროლო ველი |
Ge_BSU |
| 005 - ბოლო ოპერაციის თარიღი და დრო |
| საკონტროლო ველი |
20230602154612.0 |
| 008 - ფიქსირებული სიგრძის მონაცემთა ელემენტები - ზოგადი ინფორმაცია |
| ფიქსირებული სიგრძის საკონტროლო ველი |
ge2306s1983 ge xu||||| |||| 00| geo d |
| 041 ## - ენის კოდი |
| Language code of text/sound track or separate title |
geo |
| 080 ## - უნივერსალური ათობითი კლასიფიკაციის ინდექსი |
| Universal Decimal Classification number |
902.2(479.221.1) მ-70 |
| 100 ## - მთავარი ჩანაწერი - პიროვნების სახელი |
| Personal name |
მირიანაშვილი, ნინო. |
| 9 (RLIN) |
18436 |
| 245 ## - ცნობა სათაურის შესახებ |
| Title |
შიდა ქართლის მატერიალური კულტურის ისტორიიდან : |
| Remainder of title |
აღაიანის არქეოლოგიური ძეგლები. ნაწ. 2, ნასტაკისის არქეოლოგიური ექსპედიციის შრომები / |
| Statement of responsibility, etc |
ნინო მირიანაშვილი; რედ. ბოხოჩაძე; საქ. სსრ მეცნ. აკადემია. საქართველოს არქეოლოგიური კომისია. ივ. ჯავახიშვილის სახ. ისტორიის, არქეოლოგიისა და ეთნოგრაფიის ინ-ტის არქეოლოგიური კვლევის ცენტრი. |
| 264 ## - წარმოების, გამოცემის, დისტრიბუციის და სხვა ცნობები |
| გამოცემის, წარმოების, დისტრიბუციის... ადგილი |
თბილისი : |
| გამოცემის, წარმოების, დისტრიბუციის... სახელწოდება |
მეცნიერება, |
| გამოცემის, წარმოების, დისტრიბუციის... თარიღი |
1983. |
| 300 ## - ფიზიკური აღწერა |
| Extent |
121 გვ. : |
| Other physical details |
ილ., 18 ფ. ილ. |
| Dimensions |
26 სმ. |
| 504 ## - BIBLIOGRAPHY, ETC. NOTE |
| Bibliography, etc |
ბიბლიოგრაფია ტექსტის შენიშვნებში. |
| 520 ## - SUMMARY, ETC. |
| Summary, etc |
რეზ. რუს. ენაზე.
|
| 653 ## - INDEX TERM--UNCONTROLLED |
| Uncontrolled term |
არქეოლოგიური გათხრები ქართლში. |
| 653 ## - INDEX TERM--UNCONTROLLED |
| Uncontrolled term |
ნასტაკისის არქეოლოგიური ექსპედიცია. |
| 700 ## - ADDED ENTRY--PERSONAL NAME |
| Personal name |
ბოხოჩაძე, ო. |
| Relator term |
რედაქტორი |
| 9 (RLIN) |
18437 |
| 942 ## - ADDED ENTRY ELEMENTS (KOHA) |
| Source of classification or shelving scheme |
|
| Koha item type |
წიგნი |